| 000 | 01520nam a2200217Ia 4500 | ||
|---|---|---|---|
| 003 | OSt | ||
| 005 | 20250628114644.0 | ||
| 008 | 210210b1990 xxu||||| |||| 00| 0 eng d | ||
| 040 | _cAL | ||
| 041 | _aKannada | ||
| 082 | _aK494.8 UPPM | ||
| 100 |
_aUPPANGALA RAMA BHATTA _9126705 _dಉಪ್ಪಂಗಳ ರಾಮ ಭಟ್ಟ |
||
| 245 |
_aManasa. (kannada, havyaka, tulu bhashika adhyayana). _bಮಾನಸ : ಕನ್ನಡ ಹವ್ಯಕ ತುಳು ಭಾಷಿಕ ಅಧ್ಯಯನ |
||
| 260 |
_aUdupi. _bAkalanka Prakashana _c1990 |
||
| 300 | _ax,110 | ||
| 520 | _aA collection of research articles-Kannada,Havyaka, Tulu languages ಪರಿವಿಡಿ : 1. ಶಿವ ವೆಂರೆದ ಶಿವಳ್ಳಿ, 2. ಮಧ್ವವಿಜಯದಲ್ಲಿ ತುಳು ಶಬ್ದಗಳು 3. ಹವ್ಯಕರಲ್ಲಿ ಅಡ್ಡ ಹೆಸರುಗಳು 4. ಹವ್ಯಕದಲ್ಲಿ ತುಳು ಶಬ್ದಗಳು 5. ಹವ್ಯಕ-ತುಳು 6. ಹವ್ಯಕ-ಒಳಭೇದಗಳು 7. ಕನ್ನಡದ ಕೆಲವು ಪ್ರಾದೇಶಿಕ ವೈಶಿಷ್ಟ್ಯಗಳು 8. ಹೊಸಗನ್ನಡದಲ್ಲಿ ಇತ್ತೀಚಿನ ಕೆಲವು ಪ್ರಯೋಗಗಳು 9. ಹೊಸಗನ್ನಡದಲ್ಲಿ ಕೆಲವು ಶಬ್ದ, ಅರ್ಥಗಳು 10. “ಅಯ್ಯ" - ಶಬ್ದಾರ್ಥ ವಿವೇಚನೆ | ||
| 650 |
_aHavyaka Tulu _9126706 |
||
| 690 |
_aKannada Language _9126707 |
||
| 906 | _a043896 | ||
| 942 |
_2ddc _cBK |
||
| 999 |
_c93511 _d93511 |
||